RENOVACION MORAL
Guardado en:
| Format: | Bog |
|---|---|
| Serier: | CUADERNOS DE RENOVACION NACIONAL
|
| Fag: | |
| Tags: |
Ingen Tags, Vær først til at tagge denne postø!
|
MARC
| LEADER | 00000nam^a2200000^a^4500 | ||
|---|---|---|---|
| 001 | 000224273 | ||
| 005 | 20250521000000.0 | ||
| 009 | 20260310104044.744 | ||
| 020 | |a 968-6296-09-3 | ||
| 035 | |a 043150 | ||
| 037 | |a Acervo Xavier Clavigero | ||
| 082 | |a 350. 000972 |b REN V. 9 | ||
| 245 | 1 | 0 | |a RENOVACION MORAL |
| 264 | |a MEXICO : |b FONDO DE CULTURA ECONOMICA, |c 1988 | ||
| 300 | |a V.- : |b tbs. | ||
| 336 | |a texto |b txt |2 rdacontenido | ||
| 337 | |a sin mediación |b n |2 rdamedio | ||
| 338 | |a volumen |b nc |2 rdasoporte | ||
| 440 | |a CUADERNOS DE RENOVACION NACIONAL | ||
| 649 | |a XX | ||
| 650 | |a Responsabilidad Administrativa - |z México | ||
| 650 | |a Política - |z México - |x Enciclopedias y Diccionarios | ||
| 650 | |a Etica Política | ||
| 910 | |a Fondo General | ||
| 920 | |a Impresos - Libros | ||
| 930 | |a Colección General | ||
| 905 | |a 101 | ||
| 901 | |a 043150 |b IT1 |c ACC |i 043150 |u 20250521 | ||
| 902 | |a https://opac.biblio.iteso.mx/vufind/Record/000224273 | ||